Дело по вопросу о назначении учителей в немецкие колонистские школы

Доступно только в Электронных читальных залах Найти на картеНа карте
RUSMARC
00003670nmc2a22002413x 450
001ca34557f-12ad-47cc-ac4d-c1b3f5d17210
00520201103040445.0
100##$a20200318l19111914k l0rusy0189 ca
1010#$arus
102##$aRU
105##$ay###
1222#$ad
2001#$aДело по вопросу о назначении учителей в немецкие колонистские школы
$j28 января 1911 г. - 3 октября 1914 г.
215##$a77 л.
$d36,5х26 см
251##$cДело
300##$aДело
371##$aДокумент не является опубликованным и широко распространяемым
461#0$1001a74412a3-3cc5-4d21-8f0a-dfe2fbd9e72d
$12001
$aДепартамент народного просвещения Министерства народного просвещения
$1251
$cФонд
$1852
$j733
462#0$1001517877e8-43f4-46e7-ad4b-d876aad86188
$12001
$aДела разряда учительских институтов, семинарий и низших учебных заведений
$1251
$cОпись
$1852
$j178
801#0$aRU
$bРГИА
$c20200318
$gRCR
801#1$aRU
$bГлавНИВЦ
$c20200318
$2rusmarc
801#2$aRU
$bПБ им. Б.Н. Ельцина
$c20201103
$gRCR
$2rusmarc
850##$aРГИА
852##$aРГИА
$eФедеральное казенное учреждение "Российский государственный исторический архив" (РГИА)
$j247
937##$hРГИА
$d12339814
$aASBIBLIO_SCAN
035##$aRusGRCC00002980
856##$uhttp://readingroom.main.prlib.ru/item.aspx?id_node=n150731790&mode=full
Формат отображения